| 000 | 01359cam a2200397 i 4500 | ||
|---|---|---|---|
| 001 | 198019 | ||
| 003 | ES-MaACL | ||
| 005 | 20260219063012.0 | ||
| 007 | ta | ||
| 008 | 251217s2010 sp | |||| 001 1 spa | ||
| 017 |
_aB 611-2010 _bOficina Depósito Legal Barcelona |
||
| 020 | _a978-84-9800-535-6 | ||
| 040 |
_aES-MaACL _bspa _cES-MaACL _erda |
||
| 080 | _a821.111-31"19" | ||
| 100 | 1 |
_aMcCarthy, Wil _9242647 _4aut _eaut |
|
| 240 | 1 | 4 |
_aThe collapsium. _lEspañol _9242813 |
| 245 | 1 | 3 |
_aEl colapsio / _cWil McCarthy ; traducción, David Cruz Acevedo |
| 250 | _aPrimera Edición | ||
| 264 | 1 |
_aArganda del Rey, Madrid : _bLa Factoría de Ideas, _c2010 |
|
| 264 | 4 | _a©2010 | |
| 300 |
_a342 páginas ; _c23 cm |
||
| 336 |
_2rdacontent _aTexto |
||
| 337 |
_2rdamedia _asin mediación |
||
| 338 |
_2rdacarrier _avolumen |
||
| 490 | 0 |
_aSolaris ficción ; _v134 |
|
| 500 | _aÍndice | ||
| 655 | 4 |
_9237727 _aNovelas de ciencia ficción |
|
| 700 |
_4trl _9242814 _aCruz Acevedo, David _etrl |
||
| 852 |
_aES-MaACL _cDEPO1 _jA-15944 _hDonación: José Lázaro García _xEncuadernación rústica con solapas _9207076 |
||
| 942 |
_cMONOGRAFIA _n0 |
||
| 956 | _a2 | ||
| 999 |
_c198019 _d198019 |
||